Shakespeare's Animal House Quiz Stats

Quiz Updated Dec 3, 2013

Also try: Shakespeare Plays
Challenge
Share
Tweet
Embed
Score 0/146 Timer 13:00
19 Plays Today
Animals % Correct
Dog (general), puppy, hound, cur, brach, mongrel
96.1%
Cat (general)
95.5%
Horse, mare, nag, courser, filly, foal, palfrey, Jennet, colt
90%
Lion, mountain-lion
88.7%
Cow, bull, neat, ox, calf, heifer, kine, cattle
85.9%
Tiger
84.1%
Swine, pig, sow, hog, boar
84.1%
Mouse
80.6%
Fish (general), dace, roe, minnow
79.3%
Rat
78.7%
Bear
78.7%
Chicken, hen, pullet
77.7%
Snake (general), serpent
76.6%
Sheep, lamb, ewe, ram
73.8%
Bird (general), fowl (general), woodbird
73%
Elephant
72.9%
Ass, mule
72.7%
Ant
70.9%
Deer, hart, hind, stag, doe, fawn, buck. roe deer
70.7%
Eagle
69.6%
Goat
68.4%
Whale
67%
Duck, Mallard
65.7%
Bee, humble bee
65.2%
Rabbit
65%
Wolf
64.8%
Monkey
62.7%
Fox
61.9%
Fly, night-fly
61.4%
Cock, cockerel, chanticleer, capon
60.2%
Leopard, pard, panther, ounce
59.8%
Goose, gosling, wild-goose
59.7%
Shark
59.6%
Hawk, sparrowhawk
57.9%
Frog
57.5%
Crow, rook
53.4%
Owl, owlet, screech-owl, night-owl
52.9%
Dolphin
52.7%
Spider
52.6%
Sparrow, dunnock, hedge sparrow
51%
Lizard
50.2%
Ape
49.6%
Hare
49.4%
Toad
49.1%
Butterfly
49%
Swan, cygnet
47.7%
Raven
47.3%
Turtle
46.1%
Robin-redbreast
45.7%
Animals % Correct
Wasp
45.6%
Worm, glowworm, blindworm, malt-worm
45.3%
Dove, turtle-dove
44.8%
Crocodile
44.8%
Bat, rere-mice
44.4%
Beetle
44.1%
Pigeon
43.6%
Turkey, turkey-cock
43.6%
Squirrel
42.8%
Asp
42.7%
Rhinoceros
42.4%
Alligator
42.3%
Falcon
42%
Human
41.6%
Camel
41.2%
Parrot, paraquito
40.5%
Salmon
40.2%
Bug (general)
39.3%
Trout
38.3%
Crab
36.3%
Eel
35.9%
Mole, moldwarp
35.5%
Flea, mite, tick
35.3%
Newt, wall-newt
35.1%
Weasel
34.6%
Moth
34%
Tortoise
33.4%
Peacock
33%
Shrew
33%
Pheasant
32.9%
Hedgehog, hedge-pig, urchin
32.5%
Otter
32.5%
Ferret
32%
Vulture
31.8%
Hyen (hyena), musk-cat, civet
31.7%
Quail
31.3%
Ostrich
29.8%
Lark
29.3%
Polecat, fitchew
28.5%
Snail
28.4%
Swallow
28.3%
Adder
28.2%
Ousel-cock (blackbird)
27.7%
Caterpillar
27.2%
Oyster
26.6%
Louse
26.2%
Finch
26.1%
Nightingale
26.1%
Wren
25.7%
Animals % Correct
Gnat
25.7%
Jay
25.6%
Salamander
24.8%
Ladybird
24.5%
Viper
24.3%
Shrimp
23.9%
Partridge
23.7%
Grasshopper
23.4%
Baboon, dog-ape
23.2%
Mussel
21.5%
Porpentine (porcupine)
21.5%
Cricket
21.4%
Starling
20.8%
Scorpion
19.8%
Pie (magpie)
19.7%
Buzzard
18.9%
Pike
18.9%
Carp
18.8%
Pelican
18.8%
Herring
18.5%
Kite, puttock
17.4%
Thrush, throstle
17.2%
Osprey
17.1%
Chameleon
17%
Beagle
16.4%
Maggot
16%
Tadpole
15.5%
Leech, horse-leech
15.4%
Greyhound
15.3%
Spaniel
15.3%
Prawn
15%
Anchovy
14.5%
Cuckoo
14.5%
Daw, Jackdaw
14.5%
Mackerel
13.7%
Wildcat, cat-a-mountain
13.6%
Loon
13.6%
Martlet (house martin)
12.5%
Mastiff, bandog
11.9%
Grub
11.6%
Marmoset
11.2%
Woodcock
11.1%
Angler
10.6%
Dog-fish
10.1%
Gudgeon
10%
Lapwing
9.6%
Chough
9.3%
Wagtail
8%

You're not logged in!

Compare scores with friends on all Sporcle quizzes.
Sign Up with Email
OR
Log In

You Might Also Like...

Show Comments

Extras

Top Quizzes Today


Score Distribution

Your Account Isn't Verified!

In order to create a playlist on Sporcle, you need to verify the email address you used during registration. Go to your Sporcle Settings to finish the process.